[Event "AUTO-MASTER-1596"]
[Site "http://www.queenalice.com/game.php?id=1032839"]
[Date "2012.2.25"]
[Round "1"]
[White "Puffer"]
[Black "Biasi"]
[Result "1-0"]
[WhiteElo "2214"]
[BlackElo "1920"]

1. e4 e5 2. Nf3 Nc6 3. Bb5 Qf6 4. Nc3 a6 5. Ba4 Bc5 6. Nd5 Qd6 7. c3 Nf6 8. d4
exd4 9. cxd4 Bb4+ 10. Nxb4 Qxb4+ 11. Bd2 Qxb2 12. Bxc6 dxc6 13. O-O O-O 14. h3
Nxe4 15. Bf4 Nd6 16. Re1 Be6 17. Ng5 Rae8 18. Re2 Qb5 19. Re5 Bd5 20. Qc2 g6 21.
h4 f6 22. Rxe8 Rxe8 23. Nh3 Be4 24. Qc3 Qc4 25. Qd2 Qd5 26. f3 Bxf3 27. gxf3
Qxf3 28. Qg2 Qxg2+ 29. Kxg2 Nf5 30. Bxc7 Nxd4 31. Kf2 Rc8 32. Bb6 1-0

[Event "AUTO-MASTER-1596"]
[Site "http://www.queenalice.com/game.php?id=1032840"]
[Date "2012.2.25"]
[Round "1"]
[White "Biasi"]
[Black "Puffer"]
[Result "0-1"]
[WhiteElo "1916"]
[BlackElo "2217"]

1. e4 e5 2. Nf3 Nc6 3. Bc4 Bc5 4. d3 Nf6 5. O-O d6 6. h3 Na5 7. Nbd2 Nxc4 8.
Nxc4 Bd7 9. c3 a6 10. b4 Ba7 11. a4 Qe7 12. Bg5 h6 13. Bh4 g5 14. Bg3 Nh5 15.
Bh2 Nf4 16. Ne3 h5 17. Nf5 Qf6 18. Bxf4 gxf4 19. N5h4 Rg8 20. Kh2 Qg7 21. Ra2 f5
22. c4 Be6 23. Rc2 fxe4 24. dxe4 b5 25. cxb5 Bb3 26. bxa6 Bxc2 27. Qxc2 Qd7 28.
b5 Ke7 29. Nf5+ Kf6 30. N3h4 Rac8 31. Rd1 Bc5 32. Qe2 Rg5 0-1

[Event "AUTO-MASTER-1596"]
[Site "http://www.queenalice.com/game.php?id=1032855"]
[Date "2012.2.25"]
[Round "1"]
[White "Biasi"]
[Black "al302254"]
[Result "1-0"]
[WhiteElo "1954"]
[BlackElo "1795"]

1. e4 e6 2. Nc3 Bb4 3. Nf3 c6 4. a3 Ba5 5. d4 d5 6. e5 f5 7. Bd3 Ne7 8. O-O O-O
9. Ne2 Nd7 10. Nf4 Nb8 11. Ng5 Qe8 12. Ngxe6 Bxe6 13. Nxe6 Rf7 14. Qf3 h6 15.
Nf4 g5 16. Nh5 Kh8 17. Nf6 Qc8 18. Qh5 Qf8 19. Bxg5 Ng8 20. Nxg8 Qxg8 21. Qxh6+
Qh7 22. Bf6+ Kg8 23. Qxh7+ Rxh7 24. Bxf5 Rf7 25. Be6 Nd7 26. Bxf7+ Kxf7 27. f4
c5 28. c3 cxd4 29. cxd4 Nxf6 30. exf6 Kxf6 31. g4 Rc8 32. Rac1 Rg8 33. h3 Re8
34. b4 Bb6 35. Rfe1 Bxd4+ 36. Kg2 Be3 37. Rc2 d4 38. Rce2 Re4 39. Rxe3 dxe3 40.
Kf3 Re6 41. Rxe3 Ra6 42. h4 b5 43. h5 Rc6 44. g5+ Kg7 45. f5 Rc4 46. h6+ Kh7 47.
Re7+ Kh8 48. g6 1-0

[Event "AUTO-MASTER-1596"]
[Site "http://www.queenalice.com/game.php?id=1032856"]
[Date "2012.2.25"]
[Round "1"]
[White "al302254"]
[Black "Biasi"]
[Result "0-1"]
[WhiteElo "1811"]
[BlackElo "1943"]

1. d4 d5 2. c4 c6 3. Nc3 Nf6 4. f3 dxc4 5. e4 b5 6. e5 Nd5 7. Bd3 cxd3 8. Qxd3
Ba6 9. Qd1 e6 10. Nh3 h6 11. O-O b4 12. Ne2 Be7 13. f4 O-O 14. f5 exf5 15. Rxf5
Bc8 16. Rf1 Bxh3 17. gxh3 Bg5 18. Nf4 Nxf4 19. Bxf4 Bxf4 20. Rxf4 Nd7 21. Qg4
Qg5 22. Raf1 Qxg4+ 23. hxg4 a5 24. b3 c5 25. d5 Nxe5 26. Rc1 Nd3 27. Rfc4 Nxc1
28. Rxc1 Rac8 29. Rc4 Rfd8 0-1

[Event "AUTO-MASTER-1596"]
[Site "http://www.queenalice.com/game.php?id=1032857"]
[Date "2012.2.25"]
[Round "1"]
[White "Biasi"]
[Black "Chris93"]
[Result "0-1"]
[WhiteElo "1984"]
[BlackElo "2005"]

1. e4 d5 2. exd5 Nf6 3. c4 e6 4. dxe6 Bxe6 5. b3 Nc6 6. Nf3 Bb4 7. a3 Bd6 8. Bb2
Qe7 9. Qe2 O-O 10. Kd1 Rad8 11. Nc3 Bc5 12. b4 Bd6 13. c5 Bb3+ 14. Kc1 Bf4 15.
Qxe7 Nxe7 16. g3 Bh6 17. Bb5 c6 18. Ba4 Be6 19. h3 Nfd5 20. Ne4 b5 21. Bb3 Nxb4
22. Bxe6 Nd3+ 23. Kc2 fxe6 24. Ne1 Nxb2 25. Kxb2 Bxd2 26. f4 Nd5 27. Kb3 Nf6 28.
Nd6 Nd5 29. Nd3 Bc3 30. Rac1 Bd4 31. Nb7 Rb8 32. Nd6 e5 33. Nxe5 Bxe5 34. fxe5
Rf3+ 35. Kb2 Rxg3 36. Rcf1 b4 37. a4 a5 38. Rf7 Nc3 39. Rhf1 Nxa4+ 40. Kb1 Nxc5
41. Nc4 a4 42. Na5 Ne4 43. Nxc6 h6 44. Ne7+ Kh7 45. R1f4 Nc3+ 46. Ka1 b3 47. Kb2
a3+ 48. Kxa3 b2 49. Nf5 b1=N# 0-1

[Event "AUTO-MASTER-1596"]
[Site "http://www.queenalice.com/game.php?id=1032858"]
[Date "2012.2.25"]
[Round "1"]
[White "Chris93"]
[Black "Biasi"]
[Result "0-1"]
[WhiteElo "2063"]
[BlackElo "1964"]

1. e4 e5 2. Nf3 Nc6 3. Bb5 d6 4. d4 Bd7 5. O-O a6 6. Ba4 Nf6 7. dxe5 Nxe5 8.
Bxd7+ Nfxd7 9. b3 Qf6 10. Nbd2 Nxf3+ 11. Nxf3 Qxa1 12. a4 Be7 13. Be3 Qxd1 14.
Rxd1 O-O 15. Nd4 Nc5 16. Nf5 Bf6 17. c4 Nxe4 18. Bf4 Rad8 19. Rd3 Rfe8 20. h3
Nc5 21. Rg3 g6 22. Nh6+ Kf8 23. Ng4 Be5 24. Bxe5 dxe5 25. Nf6 Rd1+ 26. Kh2 Red8
27. Re3 R8d3 28. Rxd3 Rxd3 29. Nxh7+ Kg7 30. Ng5 Rxb3 31. Nf3 f6 32. a5 Ra3 33.
h4 Rxa5 0-1

[Event "AUTO-MASTER-1637"]
[Site "http://www.queenalice.com/game.php?id=1052122"]
[Date "2012.4.24"]
[Round "1"]
[White "Biasi"]
[Black "RIVAS"]
[Result "0-1"]
[WhiteElo "1924"]
[BlackElo "2226"]

1. e4 e6 2. Nf3 d5 3. exd5 exd5 4. d4 Bd6 5. Bd3 Ne7 6. O-O O-O 7. Nc3 c6 8. Bg5
f6 9. Bh4 Nf5 10. a3 Qc7 11. Ne2 Nxh4 12. Ng3 Bg4 13. Be2 Nxf3+ 14. Bxf3 Bxf3
15. Qxf3 Bxg3 16. fxg3 Nd7 17. Rae1 Rae8 18. Re2 Rxe2 19. Qxe2 Nb6 20. b3 Qd6
21. a4 c5 22. dxc5 Qxc5+ 23. Kh1 d4 24. Re1 Nd5 25. Qe6+ Kh8 26. Qe8 Ne3 27. Qe4
Qc6 28. Qxc6 bxc6 29. Re2 Re8 30. Kg1 Re5 31. h4 Kg8 32. Rd2 Rd5 33. Kf2 c5 34.
Kf3 g5 35. hxg5 fxg5 36. g4 Rd8 37. c3 Rf8+ 0-1

[Event "AUTO-MASTER-1637"]
[Site "http://www.queenalice.com/game.php?id=1052123"]
[Date "2012.4.24"]
[Round "1"]
[White "RIVAS"]
[Black "Biasi"]
[Result "1-0"]
[WhiteElo "2217"]
[BlackElo "1945"]

1. e4 e5 2. f4 Bc5 3. Nf3 Nf6 4. fxe5 Nxe4 5. d4 Bb6 6. Qe2 Nc5 7. dxc5 Bxc5 8.
Bg5 Be7 9. Bxe7 Qxe7 10. Nc3 c6 11. O-O-O O-O 12. Qd2 h6 13. Qd6 Qe6 14. Nd4
Qxd6 15. exd6 Re8 16. Nf5 b6 17. Ne7+ Kh7 18. Bd3+ g6 19. Rhf1 Ba6 20. Rxf7+ Kh8
21. Bxg6 1-0

[Event "AUTO-MASTER-1637"]
[Site "http://www.queenalice.com/game.php?id=1052124"]
[Date "2012.4.24"]
[Round "1"]
[White "Biasi"]
[Black "CCapivara"]
[Result "0-1"]
[WhiteElo "1957"]
[BlackElo "2051"]

1. e4 d6 2. Nc3 Nf6 3. Bc4 c6 4. Nf3 Bg4 5. h3 Bh5 6. d3 e5 7. Be3 Be7 8. Qd2
Nbd7 9. g4 Bg6 10. g5 Nh5 11. h4 O-O 12. a3 a5 13. Rg1 b5 14. Ba2 b4 15. axb4
axb4 16. Ne2 d5 17. exd5 cxd5 18. Qc1 d4 19. Bd2 Qc7 20. Bb3 Nc5 21. Bc4 b3 22.
Kf1 Rxa1 23. Qxa1 bxc2 24. Ne1 e4 25. Nxc2 exd3 26. Ncxd4 dxe2+ 27. Nxe2 Ne4 28.
Qc1 Qxc4 0-1

[Event "AUTO-MASTER-1637"]
[Site "http://www.queenalice.com/game.php?id=1052125"]
[Date "2012.4.24"]
[Round "1"]
[White "CCapivara"]
[Black "Biasi"]
[Result "1-0"]
[WhiteElo "2061"]
[BlackElo "1969"]

1. e4 e5 2. f4 Bc5 3. Nf3 Nf6 4. fxe5 Nxe4 5. d4 Bb4+ 6. c3 Nxc3 7. bxc3 Ba5 8.
Bd3 O-O 9. Bxh7+ Kxh7 10. Ng5+ Kg6 11. Qg4 1-0

[Event "AUTO-MASTER-1637"]
[Site "http://www.queenalice.com/game.php?id=1052126"]
[Date "2012.4.24"]
[Round "1"]
[White "Biasi"]
[Black "moe78"]
[Result "0-1"]
[WhiteElo "1933"]
[BlackElo "2114"]

1. e4 e6 2. Nf3 c5 3. Be2 d5 4. exd5 exd5 5. O-O Nf6 6. d3 Be7 7. Bf4 Nc6 8.
Nbd2 O-O 9. c3 Be6 10. b3 Nh5 11. Bg3 a5 12. h3 Bf6 13. Rc1 a4 14. bxa4 Nxg3 15.
fxg3 Qa5 16. Qb3 Qxa4 17. Qxb7 Rfb8 18. Qc7 Ra7 19. Qf4 Qxf4 20. gxf4 Rxa2 21.
Kh2 Rc8 22. Ra1 Rc2 23. Ra6 Bxc3 24. Rd1 Nb4 25. Rb6 d4 26. Bf1 Nd5 27. Rb7 Ne3
28. Rdb1 Bxd2 29. Rb8 Nxf1+ 30. Kg1 Rf8 31. Kxf1 Bxf4 32. Rxf8+ Kxf8 33. h4 Bd5
34. h5 Bxf3 35. gxf3 Rc1+ 0-1

[Event "AUTO-MASTER-1637"]
[Site "http://www.queenalice.com/game.php?id=1052127"]
[Date "2012.4.24"]
[Round "1"]
[White "moe78"]
[Black "Biasi"]
[Result "1-0"]
[WhiteElo "2107"]
[BlackElo "1942"]

1. d4 e6 2. c4 Nf6 3. Nf3 Bb4+ 4. Bd2 Bxd2+ 5. Qxd2 O-O 6. Nc3 b6 7. g3 Bb7 8.
Bg2 d6 9. O-O Nbd7 10. Qc2 h6 11. e4 Rb8 12. a4 e5 13. d5 Ba6 14. Nd2 c5 15. Ra3
Rb7 16. f4 Rc7 17. a5 Bb7 18. Nb5 bxa5 19. Nxd6 exf4 20. gxf4 Ng4 21. Qc3 Nb6
22. e5 h5 23. Rxa5 f6 24. h3 Nh6 25. N2e4 Nd7 26. e6 f5 27. Ng5 Nf6 28. Nxb7
Rxb7 29. d6 Rxb2 30. e7 Rxg2+ 31. Kxg2 Qa8+ 32. Qf3 Qxf3+ 33. Rxf3 Rb8 34. Rxa7
h4 35. Rfa3 1-0

[Event "Challenge"]
[Site "http://www.queenalice.com/game.php?id=1056383"]
[Date "2012.5.5"]
[Round "-"]
[White "JD"]
[Black "Biasi"]
[Result "0-1"]
[WhiteElo "1346"]
[BlackElo "1940"]

1. Nf3 c5 2. Nc3 g6 3. e3 Bg7 4. d4 cxd4 5. exd4 d6 6. Bc4 Nf6 7. Ng5 O-O 8. Bd2
Nc6 9. Ne2 d5 10. Bb3 Bf5 11. Qc1 b5 12. Nf3 Bg4 13. Bh6 Bxf3 14. gxf3 Na5 15.
Bxg7 Kxg7 16. Ng3 Nxb3 17. axb3 Qd6 18. c3 Qe6+ 19. Kd2 Qd6 20. h4 e5 21. h5
exd4 22. Kc2 dxc3 23. hxg6 fxg6 24. Qg5 Kf7 25. bxc3 Rfe8 26. Rad1 Re5 27. Qf4
Kg8 28. Rhg1 Rae8 29. Qh6 Qe6 30. f4 Ng4 31. Qh1 Nxf2 32. Qh2 Nxd1 33. fxe5 Ne3+
34. Kb1 Nf5 35. Qh3 Nxg3 36. Qxg3 Qxe5 37. Qh3 a5 38. Qh6 Qf5+ 39. Ka1 Re2 0-1